000 00277nam a22001217a 4500
020 _a0-435-50207-7
082 _a516.24 CLA'T
100 _aCLARKE, L. H
_976364
245 _aTRIGNOMETRY AT ORDINARY LEVEL
260 _aLONDON
_bHEINEMAN
_c1974
300 _a161P
942 _cBK
999 _c582984
_d582984